000 00296nam a22001217a 4500
082 _a425
_bTAY/E
100 _aTAYLOR,GRANT
245 _aENGLISH CONVERSATION PRACTICE
260 _aNEW YORK
_bMC GRAW HILL EDUCATION
_c1975
300 _a301
650 _aCONVERATION PRACTICE
_zNEW YORK
942 _cBK
999 _c3926
_d3926